LEADER 01121nam a2200277 a 4500 001 000000158244 003 CaOOAMICUS 005 20170126124654.0 008 170126s2015 it f frm z000 u ita r 032 $aLibriCat 040 $aPUL$bita 100 1 $aLepri, Luca.$0(OLS)http://pul/name/95037 245 13$aLa Chiesa mistero in Henri de Lubac / $cLuca Lepri. 260 $aRoma :$b[s.n.],$c2015. 300 $a627 p.;$c24 cm 502 $aTesi di Dottorato--Facoltą di Teologia --Pontificia Universitą Gregoriana, 2015. 504 $aBibliografia: p.[615]-621. 600 14$aLubac, Henri de,$cS.I.,$d1896-1991.$0(OLS)http://pul/subject/4777 710 2 $aPontificia Universitą Gregoriana.$bFacoltą di teologia.$kTesi.$0(OLS)http://pul/name/81592 850 $aPUL 852 $aPUL$W1$xDP1 Tesi Pon. Univ. Gregoriana$y40$m2015 B 40$j181581$qTesi$B184723$CPULBib$Z2$F184723 $82 941 1 $a16 960 $aDe Lubac, Henri$94777 996 $6245$aLa Chiesa mistero in Henri de Lubac / $9(OLS)http://pul/title/187802 996 $6260$aRoma :$b[s.n.]$9(OLS)http://pul/publisher/47958 LEADER 01202nam a2200301 a 4500 001 000000175451 003 CaOOAMICUS 005 20220929104655.0 008 220929s2013 it a u000 u ita r 020 $a978-88-10-55808-9* 032 $aLibriCat 040 $aPUL$bita 082 04$a306.6 100 1 $aMassenzio, Marcello.$0(OLS)http://pul/name/39184 245 12$aI due volti del tempo :$bfesta e lavoro tra sacro e profano / $cMarcello Massenzio. 260 $aBologna :$bEDB,$c©2016. 300 $a44 p.:$bill.;$c18 cm 490 1 $aLapislazzuli 650 4$aAntropologia e vita cristiana.$0(OLS)http://pul/subject/28859 830 0$aLapislazzuli.$0(OLS)http://pul/title/174683 850 $aPUL 852 $aPUL$W1$xSL Religione 3$y85$m261. 8 MASMA 1$j199667$qDDC 21$B204385$CPULBib$Z2$F204385 $H135848 $82 941 1 $a9 996 $6020$a978-88-10-55808-9*$9(OLS)http://pul/number/168846 996 $6082$a306.6$9(OLS)http://pul/classification/552 996 $6245$aI due volti del tempo :$bfesta e lavoro tra sacro e profano / $9(OLS)http://pul/title/216900 996 $6260$aBologna :$bEDB$9(OLS)http://pul/publisher/56073